Historia general moderna: del Renacimiento a la crisis del siglo XX

Сохранить в:
Библиографические подробности
Главный автор: Vicens Vives, Jaime (Автор)
Формат:
Язык:испанский
Опубликовано: Barcelona Montaner y Simón 1979
Редактирование:11a. ed
Серии:Historia General de la Humanidad
Предметы:
Метки: Добавить метку
Нет меток, Требуется 1-ая метка записи!

MARC

LEADER 00000nam a2200000 a 4500
001 UCP5336
003 CL-VaPUC
008 990903e19790000SP |||||||||||||||||spa|d
082 0 4 |a 909.08  |b VIC  |2 21 
100 0 |a Vicens Vives, Jaime  |e author  |9 433675 
245 1 0 |a Historia general moderna: del Renacimiento a la crisis del siglo XX 
250 |a 11a. ed 
300 |a 2 v 
942 |c BK 
945 |d 19990903 00:00:00  |a lriquelm 
260 |a Barcelona  |b Montaner y Simón  |c 1979 
650 7 |a HISTORIA DE EUROPA SIGLOS 14-20  |2 CL-VaPUC  |9 372156 
650 0 |a Historia moderna  |9 268036 
650 7 |a HISTORIA DE EUROPA SIGLO 20  |2 CL-VaPUC  |9 319599 
650 0 |a Edad moderna  |9 350383 
650 7 |a DESPOTISMO ILUSTRADO  |2 CL-VaPUC  |9 385945 
651 0 |a Europa  |9 255156 
583 |a last modification  |c 20160901 10:32:24  |k Rodrigo Vera 
490 0 |a Historia General de la Humanidad 
999 |c 283103  |d 283101 
952 |0 0  |1 0  |4 0  |6 909_080000000000000_VIC_1979  |7 0  |8 A  |9 325889  |a BIBHIS  |b BIBHIS  |d 2019-11-20  |h v.1  |i 1368621  |o 909.08 VIC 1979  |p 1368621  |r 2025-01-20  |w 2019-11-20  |y BK  |k HIS 
952 |0 0  |1 0  |4 0  |6 909_080000000000000_VIC_1979  |7 0  |8 A  |9 325890  |a BIBHIS  |b BIBHIS  |d 2019-11-20  |h v.2  |i 136863K  |o 909.08 VIC 1979  |p 136863K  |r 2025-01-20  |w 2019-11-20  |y BK  |k HIS